Complete Catalogue : 1965 /

Na minha lista:
Detalhes bibliográficos
Autor Corporativo: Akademische Druck u Verlagsanstalt
Formato: Livro
Idioma:inglês
Publicado em: Viena, Austria : Akademische Druck- und Verlagsanstalt, 1965, c1965
Assuntos:
Tags: Adicionar Tag
Sem tags, seja o primeiro a adicionar uma tag!

MARC

LEADER 00000nam^a2200000^a^4500
001 000110058
005 20250521000000.0
009 20260310093743.581
037 |a Acervo ITESO - Biblioteca 
041 |a ING 
082 |a 015. 436  |b AKA 1965 
110 |a Akademische Druck u Verlagsanstalt 
240 1 1 |a [Akademische Druck u Verlagsanstalt] 
245 1 0 |a Complete Catalogue :  |b 1965 /  |c Akademische Druck u Verlagsanstalt. 
264 4 |a Viena, Austria :  |b Akademische Druck- und Verlagsanstalt,  |c 1965, c1965 
300 |a XIX, 142 p. 
336 |a texto  |b txt  |2 rdacontenido 
337 |a sin mediación  |b n  |2 rdamedio 
338 |a volumen  |b nc  |2 rdasoporte 
649 |a XX 
650 |a Industria Editorial -  |z Austria -  |x Catálogos 
650 |a Bibliografías 
910 |a Fondo Salvador Reynoso Reynoso 
920 |a Impresos - Libros 
930 |a Fondos Especiales 
905 |a 112 
901 |a 0800000313  |b IT2  |c ESP  |u 20250521 
902 |a https://opac.biblio.iteso.mx/vufind/Record/000110058